Drapeaux sans rouge - Statistiques

Statistiques générales
  • Ce quiz a été pris 28 fois
  • Le résultat moyen est 19 sur 42
Statistiques - réponses
Réponses % Correct
Brésil
92%
Argentine
92%
Finlande
80%
Uruguay
72%
Suède
72%
Grèce
72%
Inde
72%
Arabie Saoudite
64%
Estonie
64%
Irlande
64%
Côte d'Ivoire
56%
Jamaïque
56%
Ukraine
56%
Honduras
52%
Niger
52%
Kazakhstan
48%
Nigeria
48%
Palaos
44%
Saint-Vincent-et-les-Grenadines
44%
Afghanistan
40%
Bosnie-Herzégovine
40%
Israël
40%
Sainte Lucie
40%
Saint-Marin
40%
Bahamas
36%
Lesotho
36%
Barbade
32%
Îles Marshall
32%
Nauru
32%
Pakistan
32%
Rwanda
32%
Somalie
32%
Tanzanie
32%
Botswana
28%
Chypre
28%
Kosovo
28%
Salomon
28%
Bhoutan
24%
Gabon
24%
Sierra Leone
24%
États fédérés de Micronésie
16%
Malte
4%
Aucun quiz correspondant
Distribution des résultats
% des personnes avec chaque résultat
Percentile par nombre de réponses
Votre historique - résultats
Vous n’avez pas pris ce quiz